000 00873nam a2200253 a 4500
005 20260322212024.0
008 data
020 _a0071423605 (pbk. : alk. paper)
020 _a9780071423601 (pbk. : alk. paper)
040 _aBorders/Amazon
096 _aWL 100 A517c 2005
100 1 _aAminoff, Michael J.
_q(Michael Jeffrey)
245 1 0 _aClinical neurology/
_cMichael J. Aminoff ... [et al.].
250 _a6th ed.
260 _aNew York
_bLange Medical Books/McGraw-Hill, Medical Pub. Division
_cc2005
300 _avii, 401 p. :
_b ill. ;
_c 24 cm.
500 _aIncludes bibliographical references and index.
500 _aRev. ed. of: Clinical neurology / David A. Greenberg. 5th ed. c2002.
650 0 2 _aNervous System Diseases
700 1 _aGreenberg, David A.
700 1 _aGreenberg, David A. Clinical neurology.
700 1 _aSimon, Roger P.
001 data
999 _c539
_d539